Normal view
MARC view
- Muhammad Ali Raza (00000321060)
Entry Personal Name
001 - CONTROL NUMBER
- control field: 116784
003 - CONTROL NUMBER IDENTIFIER
- control field: NUST
005 - DATE AND TIME OF LATEST TRANSACTION
- control field: 20230912170040.0
008 - FIXED-LENGTH DATA ELEMENTS
- fixed length control field: 230912|| aca||aabn | a|a d
040 ## - CATALOGING SOURCE
- Original cataloging agency: NUST
- Transcribing agency: NUST
100 ## - HEADING--PERSONAL NAME
- Personal name: Muhammad Ali Raza (00000321060)
670 ## - SOURCE DATA FOUND
- Source citation: Work cat.: (NUST): Muhammad Ali Raza (00000321060), Research on Site Suitability for Solar and Wind Energy in Developing Countries Using Combination of GIS- AHP; A Case Study of Pakistan /, 2022
